Entry Personal Name
Number of records used in: 1
001 - CONTROL NUMBER
003 - CONTROL NUMBER IDENTIFIER
005 - DATE AND TIME OF LATEST TRANSACTION
- control field:
20230926111328.0
008 - FIXED-LENGTH DATA ELEMENTS
- fixed length control field:
190807n| azannaabn |n aaa
010 ## - LIBRARY OF CONGRESS CONTROL NUMBER
- LC control number:
n 2019047107
040 ## - CATALOGING SOURCE
- Original cataloging agency:
DLC
- Language of cataloging:
eng
- Description conventions:
rda
- Transcribing agency:
DLC
100 1# - HEADING--PERSONAL NAME
- Personal name:
Thrane, Christer
670 ## - SOURCE DATA FOUND
- Source citation:
Applied regression analysis, 2020:
- Information found:
ECIP t.p. (Christer Thrane)